Nechceme monopol! Říka generální ředitel Komerční banky JUDr. Richard Salzmann.

Interview s generálnym riaditeľom komerčnej banky. Súčasný stav a problémy čs. bankovníctva. Príčiny nedostatočného prílevu zahraničného kapitálu. Kritéria pre poskytovanie úverov a záruky, ktoré banka poskytuje. Potreba väčšej konkurencie. Politika Komerčnej banky voči štátnym a súkromným podnikom....

Full description

Saved in:
Bibliographic Details
Main Author: Salzmann, R.
Other Authors: Urban, J., Klvačová, Eva
Format: Book Chapter
Language:Czech
Subjects:
Tags: Add Tag
No Tags, Be the first to tag this record!

MARC

LEADER 00000naa a2200000 4500
001 r010322
005 20220831083835.6
041 0 |a cze 
044 |a [CS] 
245 1 0 |a Nechceme monopol!  |b Říka generální ředitel Komerční banky JUDr. Richard Salzmann.  |c R. Salzmann, J. Urban, Eva Klvačová 
520 |a Interview s generálnym riaditeľom komerčnej banky. Súčasný stav a problémy čs. bankovníctva. Príčiny nedostatočného prílevu zahraničného kapitálu. Kritéria pre poskytovanie úverov a záruky, ktoré banka poskytuje. Potreba väčšej konkurencie. Politika Komerčnej banky voči štátnym a súkromným podnikom. Názor na odklad účinnosti zákona o konkurze a vyrovnaní. Postoje k metódam privatizácie. 
610 2 0 |a Komerční banka Praha 
610 2 0 |a bankovníctvo 
610 2 0 |a banky obchodné 
610 2 0 |a ČSFR 
610 2 0 |a kapitál zahraničný 
610 2 0 |a úver bankový 
610 2 0 |a konkurencia 
610 2 0 |a podnik súkromný 
610 2 0 |a podnik štátny 
610 2 0 |a bankrot 
610 2 0 |a privatizácia 
610 2 0 |a konkurzy 
610 2 0 |a zákony 
100 1 |a Salzmann, R. 
700 1 |a Urban, J. 
700 1 |a Klvačová, Eva